000 00342pab a2200145 454500
008 180718b1990 xxu||||| |||| 00| 0 eng d
100 _aHatti, Iranna
245 _aThe cotton textile industry in India
260 _c1990
300 _a29-31
362 _a16 May
650 _aTextile Industry - India
773 _aYojana
909 _a19822
999 _c19822
_d19822